| 000 | 00820cam a2200277 4500 | ||
|---|---|---|---|
| 001 | WB3643-18 | ||
| 008 | 000000n2000 000 0 eng u | ||
| 035 | _a(Sirsi) u109056 | ||
| 245 | _aFlood risk review may scrap housing | ||
| 260 | _c2000 | ||
| 490 |
_aGuardian _v1 November 2000, 6(1) |
||
| 520 | _aThe environment agency warns that plans for tens of thousands of new houses may have to be reconsidered or scrapped as too risky because of poor flood defences. | ||
| 590 | _aWB | ||
| 650 | _aNEW HOUSING | ||
| 650 | _aFLOOD RISK | ||
| 650 | _aFLOOD PLAINS | ||
| 650 | _aFLOOD DEFENCES | ||
| 650 | _aFLOODING | ||
| 650 |
_aLand use _96251 |
||
| 650 | _aASHFORD | ||
| 650 | _aMILTON KEYNES | ||
| 650 | _aCAMBRIDGESHIRE | ||
| 650 | _aTHAMES GATEWAY | ||
| 690 | _aHOUSING-DEVELOPMENT | ||
| 942 | _n0 | ||
| 999 |
_c65132 _d65132 |
||